000 00846nam a2200205 a 4500
003 0
005 20250319130716.0
008 060802s19uu xx 00 eng d
050 _aPGS HD 6053.W67
_b.So718 2006
100 _aSotto, Patricia Isabel M.
245 _aA profile of working mothers employed in Southville International School and Colleges /
_cPatricia Isabel M. Sotto.
260 _aLas PiƱas City, Philippines :
_bSouthville International School and Colleges,
_c2006.
300 _a24 pages :
_billustrations ;
_c28 cm.
504 _aIncludes bibliographical references.
650 _aWorking mothers
_vEmployment
_vCase studies.
650 _aWork and family
_zPhilippines
_vCase studies.
650 _aWorking mothers
_vJob stress
_zPhilippines.
650 _aMothers
_vEmployment
_zPhilippines
_vCase studies.
942 _2lcc
_cPASS
999 _c97553
_d97553